|
|
|
|
| LEADER |
00000nam0a2200000 4500 |
| 001 |
370500 |
| 005 |
20231102012303.0 |
| 035 |
|
|
|a (RuTPU)RU\TPU\retro\27909
|
| 090 |
|
|
|a 370500
|
| 100 |
|
|
|a 20220706d1978 m y0rusy50 ca
|
| 101 |
0 |
|
|a rus
|
| 102 |
|
|
|a RU
|
| 105 |
|
|
|a a z 001zb
|
| 200 |
1 |
|
|a М. И. Махаев (1718-1770)
|f К. В. Малиновский
|
| 210 |
|
|
|a Ленинград
|c Художник РСФСР
|d 1978
|
| 215 |
|
|
|a 62 с.
|c ил.
|
| 225 |
1 |
|
|a Массовая библиотека по искусству
|
| 320 |
|
|
|a Библиогр.: с. 59
|
| 320 |
|
|
|a Список иллюстраций: с. 60
|
| 320 |
|
|
|a Примечания: с. 61-62
|
| 600 |
|
1 |
|a Махаев
|b М. И.
|c русский художник, мастер рисунка и гравюры
|f 1718-1770
|g Михаил Иванович
|2 stltpush
|3 (RuTPU)RU\TPU\pers\47288
|
| 606 |
1 |
|
|a Граверы
|2 stltpush
|3 (RuTPU)RU\TPU\subj\8408
|9 35823
|
| 610 |
1 |
|
|a Россия
|
| 610 |
1 |
|
|a 18 век
|
| 610 |
1 |
|
|a художники
|
| 610 |
1 |
|
|a изобразительное искусство
|
| 610 |
1 |
|
|a рисунки
|
| 610 |
1 |
|
|a гравюры
|
| 610 |
1 |
|
|a биографии
|
| 675 |
|
|
|a 76.071
|v 4
|
| 700 |
|
1 |
|a Малиновский
|b К. В.
|g Константин Владимирович
|
| 801 |
|
1 |
|a RU
|b 63413507
|c 20220706
|
| 801 |
|
2 |
|a RU
|b 63413507
|c 20220706
|g RCR
|
| 942 |
|
|
|c BK
|